<?xml version="1.0" encoding="UTF-8"?>
<record
    xmlns:xsi="http://www.w3.org/2001/XMLSchema-instance"
    xsi:schemaLocation="http://www.loc.gov/MARC21/slim http://www.loc.gov/standards/marcxml/schema/MARC21slim.xsd"
    xmlns="http://www.loc.gov/MARC21/slim">

  <leader>01876    a2200217   4500</leader>
  <controlfield tag="001">57766</controlfield>
  <controlfield tag="005">20260407155837.0</controlfield>
  <controlfield tag="008">260407a1998    arg                 spa d</controlfield>
  <controlfield tag="003">AR-UNSa-BCEJYS</controlfield>
  <datafield tag="040" ind1=" " ind2=" ">
    <subfield code="a">AR-UNSa-BCEJYS</subfield>
    <subfield code="b">spa</subfield>
    <subfield code="c">AR-UNSa-BCEJYS</subfield>
  </datafield>
  <datafield tag="080" ind1=" " ind2=" ">
    <subfield code="a">336.2:323.17</subfield>
    <subfield code="x">Federalismo Fiscal</subfield>
  </datafield>
  <datafield tag="245" ind1="1" ind2="0">
    <subfield code="a">Coparticipaci&#xF3;n federal de impuestos</subfield>
    <subfield code="p">Del federalismo coercitivo al federalismo de concertaci&#xF3;n</subfield>
  </datafield>
  <datafield tag="264" ind1=" " ind2="1">
    <subfield code="a">Buenos Aires :</subfield>
    <subfield code="b">[s.n.]</subfield>
    <subfield code="c">1998</subfield>
  </datafield>
  <datafield tag="300" ind1=" " ind2=" ">
    <subfield code="a">254 p.</subfield>
    <subfield code="c">21 cm.</subfield>
  </datafield>
  <datafield tag="505" ind1=" " ind2=" ">
    <subfield code="a">Parte I. Cap&#xED;tulos: 1. Gastos y recursos del Sector P&#xFA;blico &#x2013; 2. Conceptos b&#xE1;sicos de coparticipaci&#xF3;n federal de impuestos &#x2013; 3. Masa coparticipable &#x2013; 4. Distribuci&#xF3;n primaria &#x2013; 5. Distribuci&#xF3;n secundaria &#x2013; 6. Fondos de recursos con destinos especiales &#x2013; 7. La perspectiva de la Provincia de C&#xF3;rdoba &#x2013; Parte II. Proyectos de ley: 1. Financiamiento por la Naci&#xF3;n del costo de la transferencia de servicios educativos, de salud y sociales a las Provincias &#x2013; 2. Compensaci&#xF3;n a las Provincias que no han transferido sus cajas de jubilaciones y pensiones por soportar el d&#xE9;ficit de las cajas de jubilaciones y pensiones provinciales efectivamente transferidas &#x2013; 3. Eliminaci&#xF3;n del Fondo del Conurbano Bonaerense y reformulaci&#xF3;n de la distribuci&#xF3;n de los recursos del impuesto a las ganancias que se asignan al Fondo del Conurbano Bonaerense, al excedente del Fondo del Conurbano Bonaerense y seg&#xFA;n el &#xED;ndice de necesidades b&#xE1;sicas insatisfechas &#x2013; 4. Distribuci&#xF3;n equitativa del Fondo Nacional de la Vivienda - 5. Reducci&#xF3;n de los recursos asignados al Fondo de los Aportes del Tesoro Nacional a las Provincias - 6. Proyecto de ley de coparticipaci&#xF3;n federal de impuestos - Parte III. Anexos</subfield>
  </datafield>
  <datafield tag="041" ind1=" " ind2=" ">
    <subfield code="a">spa</subfield>
  </datafield>
  <datafield tag="942" ind1=" " ind2=" ">
    <subfield code="c">BK</subfield>
  </datafield>
  <datafield tag="590" ind1=" " ind2=" ">
    <subfield code="a">niveau_biblio:m niveau_hierar:0</subfield>
  </datafield>
  <datafield tag="100" ind1="1" ind2=" ">
    <subfield code="a">Cafferata Nores, Jos&#xE9; Ignacio</subfield>
  </datafield>
  <datafield tag="700" ind1="1" ind2=" ">
    <subfield code="a">Porto, Natalia</subfield>
  </datafield>
  <datafield tag="999" ind1=" " ind2=" ">
    <subfield code="c">6278</subfield>
    <subfield code="d">6278</subfield>
  </datafield>
  <datafield tag="952" ind1=" " ind2=" ">
    <subfield code="0">0</subfield>
    <subfield code="1">0</subfield>
    <subfield code="4">0</subfield>
    <subfield code="7">0</subfield>
    <subfield code="a">BCEJYS</subfield>
    <subfield code="b">BCEJYS</subfield>
    <subfield code="c">16</subfield>
    <subfield code="d">2026-04-07</subfield>
    <subfield code="l">0</subfield>
    <subfield code="o">336.2:323.17 C129</subfield>
    <subfield code="p">L128860</subfield>
    <subfield code="r">2026-04-07 15:58:37</subfield>
    <subfield code="w">2026-04-07</subfield>
    <subfield code="y">L</subfield>
  </datafield>
</record>
